[Event "Chigorin Memorial"]
[Site "St Petersburg"]
[Date "2016.10.23"]
[Round "9.119"]
[White "Scheglov, Dmitry"]
[Black "Baranov, Andrey"]
[Result "1-0"]
[WhiteElo "1953"]
[BlackElo "2121"]
[PlyCount "73"]
[EventDate "2016.10.15"]
[EventType "swiss"]
[EventRounds "9"]
[EventCountry "RUS"]

1. e4 e6 2. d4 b6 3. Bd3 Bb7 4. Nf3 Nf6 5. Qe2 d5 6. e5 Ne4 7. Nbd2 Nxd2 8.
Bxd2 c5 9. c3 Nc6 10. h4 c4 11. Bc2 b5 12. Ng5 Be7 13. f4 Bxg5 14. hxg5 Qe7 15.
Rh3 O-O-O 16. O-O-O a5 17. Rdh1 b4 18. Rxh7 Rhg8 19. Kd1 Ba6 20. f5 Qa7 21. Qg4
exf5 22. Bxf5+ Kb8 23. g6 fxg6 24. Bxg6 Rgf8 25. Bf5 bxc3 26. bxc3 Ka8 27. Rxg7
Qb6 28. Rh6 Bb5 29. Bc1 Ba4+ 30. Ke1 Qb5 31. Rc7 Qb6 32. Rhh7 Rb8 33. Ba3 Rg8
34. Qf3 Qb5 35. Bc5 Rbd8 36. e6 Rde8 37. Ra7+ 1-0

[Event "Chigorin Memorial"]
[Site "St Petersburg"]
[Date "2016.10.23"]
[Round "9.121"]
[White "Ismagilov, Damir"]
[Black "Myshkovskiy, Sviatoslav"]
[Result "0-1"]
[WhiteElo "1927"]
[BlackElo "2093"]
[PlyCount "102"]
[EventDate "2016.10.15"]
[EventType "swiss"]
[EventRounds "9"]
[EventCountry "RUS"]

1. e4 c5 2. Nf3 Nc6 3. d4 cxd4 4. Nxd4 Nf6 5. Nc3 e5 6. Ndb5 d6 7. Bg5 a6 8.
Na3 b5 9. Nd5 Be7 10. Bxf6 Bxf6 11. c4 Nd4 12. cxb5 Be6 13. Bc4 axb5 14. Bxb5+
Kf8 15. Bc4 Qa5+ 16. Qd2 Bd8 17. Nc3 Qb4 18. Bxe6 fxe6 19. O-O Rxa3 20. bxa3
Qxc3 21. Qxc3 Ne2+ 22. Kh1 Nxc3 23. Rac1 Ba5 24. f4 Ke7 25. fxe5 dxe5 26. Rf2
Rf8 27. Rb2 Rd8 28. Rf1 Nxe4 29. Rb7+ Rd7 30. Rxd7+ Kxd7 31. Rf7+ Kd6 32. Rxg7
Nd2 33. g4 e4 34. Kg2 e3 35. Rxh7 Bb6 36. Rb7 Bd4 37. Rb4 Kd5 38. h4 e2 39.
Rxd4+ Kxd4 40. Kf2 Kd3 41. h5 Nc4 42. h6 Kd2 43. g5 e1=Q+ 44. Kf3 Qh4 45. a4
Qxg5 46. a5 Nxa5 47. a4 Qf5+ 48. Kg3 Ke2 49. h7 Qg5+ 50. Kh3 Kf2 51. h8=Q Qg3#
0-1

[Event "Chigorin Memorial"]
[Site "St Petersburg"]
[Date "2016.10.23"]
[Round "9.122"]
[White "Ismailov, Ulugbek"]
[Black "Nasibullin, Iskander"]
[Result "0-1"]
[WhiteElo "1895"]
[BlackElo "2085"]
[PlyCount "84"]
[EventDate "2016.10.15"]
[EventType "swiss"]
[EventRounds "9"]
[EventCountry "RUS"]

1. d4 Nf6 2. c4 e6 3. Nf3 b6 4. g3 Bb7 5. Bg2 Be7 6. O-O d5 7. Ne5 O-O 8. Nc3
Na6 9. Qa4 Qe8 10. Qxe8 Rfxe8 11. Rd1 Bf8 12. Bg5 Ne4 13. Nxe4 dxe4 14. Bf4
Rad8 15. h4 f6 16. Ng4 h5 17. Nh2 c5 18. e3 Nb4 19. a3 Nc2 20. Rac1 cxd4 21.
Rxc2 d3 22. Rc3 e5 23. Bg5 fxg5 24. f3 exf3 25. Nxf3 Bc5 26. Re1 g4 27. Nd2 e4
28. b4 Bd6 29. Kh2 g5 30. hxg5 h4 31. Nf1 Be5 32. Rb3 Rf8 33. Kg1 h3 34. Bh1
Rf5 35. Rd1 Rdf8 36. Nd2 Rf2 37. Bxe4 h2+ 38. Kh1 Rxd2 39. Rxd2 Rf1+ 40. Kxh2
Bxe4 41. Rg2 d2 42. Rxd2 Rh1# 0-1

[Event "Chigorin Memorial"]
[Site "St Petersburg"]
[Date "2016.10.23"]
[Round "9.123"]
[White "Lavrinovitsh, Denis"]
[Black "Kavyev, Ruslan"]
[Result "0-1"]
[WhiteElo "2081"]
[BlackElo "1890"]
[PlyCount "60"]
[EventDate "2016.10.15"]
[EventType "swiss"]
[EventRounds "9"]
[EventCountry "RUS"]

1. e4 c5 2. c4 d6 3. Nc3 g6 4. g3 Bg7 5. Bg2 Nc6 6. Nge2 e6 7. d3 Nge7 8. O-O
O-O 9. Rb1 Qd7 10. Be3 Nd4 11. b4 b6 12. f4 Bb7 13. Bxd4 cxd4 14. Nb5 e5 15. f5
gxf5 16. Bh3 Bh6 17. Na3 Be3+ 18. Kg2 Qe6 19. Nc2 Qh6 20. Nxe3 fxe4 21. Nf5
Nxf5 22. Bxf5 exd3+ 23. Kg1 Qe3+ 24. Rf2 dxe2 25. Qxe2 Qxe2 26. Rxe2 f6 27. Rb3
h6 28. a4 Kf7 29. g4 Rg8 30. Rh3 Bc8 0-1

[Event "Chigorin Memorial"]
[Site "St Petersburg"]
[Date "2016.10.23"]
[Round "9.124"]
[White "Fukson, Sofija"]
[Black "Budnikova, Varvara"]
[Result "1-0"]
[WhiteElo "2069"]
[BlackElo "1906"]
[PlyCount "59"]
[EventDate "2016.10.15"]
[EventType "swiss"]
[EventRounds "9"]
[EventCountry "RUS"]

1. d4 d5 2. Bf4 Nf6 3. Nf3 c5 4. e3 Nc6 5. c3 Qb6 6. Qc1 Bf5 7. Nbd2 h6 8. h3
e6 9. Be2 Be7 10. O-O O-O 11. g4 Bh7 12. Ne5 Rac8 13. g5 hxg5 14. Bxg5 Qd8 15.
Qe1 Nxe5 16. dxe5 Ne4 17. Bxe7 Qxe7 18. f4 Nxd2 19. Qxd2 Rfd8 20. Kh2 d4 21.
Rg1 Bf5 22. Rg5 dxc3 23. Qxc3 Rc7 24. Rag1 g6 25. Qc4 Rd2 26. R1g2 Rc2 27. Qa4
Rxb2 28. Qxa7 c4 29. Qb8+ Kg7 30. Rh5 1-0

[Event "Chigorin Memorial"]
[Site "St Petersburg"]
[Date "2016.10.23"]
[Round "9.125"]
[White "Alekseev, Mikhail"]
[Black "Yanko, Ivan"]
[Result "1-0"]
[WhiteElo "1878"]
[BlackElo "2060"]
[PlyCount "83"]
[EventDate "2016.10.15"]
[EventType "swiss"]
[EventRounds "9"]
[EventCountry "RUS"]

1. Nf3 Nf6 2. c4 g6 3. Nc3 Bg7 4. d4 O-O 5. e4 d6 6. Be2 e5 7. dxe5 dxe5 8.
Qxd8 Rxd8 9. Bg5 Re8 10. Nd5 Nxd5 11. cxd5 c6 12. Bc4 cxd5 13. Bxd5 Na6 14. O-O
Nb4 15. Bb3 Be6 16. Bxe6 Rxe6 17. Rfd1 Nc2 18. Rac1 Nd4 19. Kf1 Rc6 20. Rxc6
bxc6 21. Be3 Rd8 22. Bxd4 exd4 23. Ke2 Kf8 24. Kd3 Ke7 25. Rc1 Kd7 26. Rc4 Kd6
27. e5+ Bxe5 28. Nxe5 Kxe5 29. Rxc6 Rd7 30. Rc5+ Kf4 31. Rc4 Ke5 32. f4+ Kxf4
33. Rxd4+ Rxd4+ 34. Kxd4 h5 35. b4 h4 36. b5 h3 37. g3+ Kf3 38. a4 Kg2 39. Ke3
Kxh2 40. Kf2 f5 41. a5 g5 42. b6 1-0

[Event "Chigorin Memorial"]
[Site "St Petersburg"]
[Date "2016.10.23"]
[Round "9.126"]
[White "Kiseleva, Arina"]
[Black "Zhemchuzhina, Elizaveta"]
[Result "1-0"]
[WhiteElo "2059"]
[BlackElo "1825"]
[PlyCount "51"]
[EventDate "2016.10.15"]
[EventType "swiss"]
[EventRounds "9"]
[EventCountry "RUS"]

1. d4 Nf6 2. Nf3 e6 3. b3 b6 4. Bb2 Bb7 5. e3 d5 6. Bd3 g6 7. Nbd2 Bg7 8. O-O
O-O 9. Ne5 c5 10. Qe2 Nbd7 11. Ndf3 Nxe5 12. Nxe5 Nd7 13. f4 Nxe5 14. fxe5 Qc7
15. c4 f5 16. exf6 Rxf6 17. dxc5 Rxf1+ 18. Rxf1 Bxb2 19. Qxb2 Qxc5 20. Qe5 Qc6
21. Bxg6 hxg6 22. Rf6 dxc4 23. Rxg6+ Kf8 24. Qg7+ Ke8 25. Qh7 Kf8 26. Rg8# 1-0

[Event "Chigorin Memorial"]
[Site "St Petersburg"]
[Date "2016.10.23"]
[Round "9.127"]
[White "Malinovsky, Ilya"]
[Black "Sokolov, Ilia"]
[Result "1/2-1/2"]
[WhiteElo "2053"]
[BlackElo "1762"]
[PlyCount "96"]
[EventDate "2016.10.15"]
[EventType "swiss"]
[EventRounds "9"]
[EventCountry "RUS"]

1. e4 e6 2. d4 d5 3. e5 c5 4. c3 Qb6 5. Nf3 Nc6 6. a3 Nh6 7. b4 cxd4 8. cxd4
Bd7 9. Bxh6 gxh6 10. Be2 Bg7 11. O-O O-O 12. Nc3 f6 13. b5 Ne7 14. Bd3 fxe5 15.
Nxe5 Bxe5 16. dxe5 Ng6 17. Qg4 Rf4 18. Qg3 h5 19. Bxg6 Rg4 20. Bxh7+ Kxh7 21.
Qd3+ Kh6 22. h3 Rg5 23. Qd2 Kg6 24. Qe2 Qd4 25. Qc2+ Kh6 26. Qc1 Rc8 27. h4
Qxh4 28. f4 Rg3 29. f5+ Kh7 30. fxe6 Rcxc3 31. Qb1+ Kg8 32. Ra2 Qd4+ 33. Kh1
Bxe6 34. Raf2 Qe4 35. Qd1 Bh3 36. Rf8+ Kg7 37. R8f7+ Kg6 38. R1f6+ Kg5 39. Qd2+
Rce3 40. Rg7+ Kh4 41. Rxg3 Kxg3 42. Qf2+ Kg4 43. Rg6+ Qxg6 44. Qxe3 Qe4 45.
Qxh3+ Kg5 46. Qe6 Qe1+ 47. Kh2 Qh4+ 48. Kg1 Qe1+ 1/2-1/2

[Event "Chigorin Memorial"]
[Site "St Petersburg"]
[Date "2016.10.23"]
[Round "9.128"]
[White "Shadunts, Kirill"]
[Black "Zubova, Mariya"]
[Result "0-1"]
[WhiteElo "1787"]
[BlackElo "2051"]
[PlyCount "124"]
[EventDate "2016.10.15"]
[EventType "swiss"]
[EventRounds "9"]
[EventCountry "RUS"]

1. d4 Nf6 2. c4 g6 3. Nc3 d5 4. cxd5 Nxd5 5. e4 Nxc3 6. bxc3 Bg7 7. Be3 c5 8.
Qd2 Qa5 9. Rc1 cxd4 10. cxd4 Qxd2+ 11. Bxd2 O-O 12. d5 e6 13. Bc4 exd5 14. Bxd5
Nd7 15. f3 Nb6 16. Bb3 Bd7 17. Ne2 Ba4 18. O-O Rac8 19. Be3 Bxb3 20. axb3 Bb2
21. Rxc8 Rxc8 22. Rd1 Bf6 23. Rd2 Rd8 24. Ra2 Rd3 25. Bh6 a6 26. Nc1 Rc3 27.
Bd2 Rc6 28. Kf2 h5 29. Ke2 Nd7 30. Nd3 Nc5 31. b4 Nb3 32. Be3 Bc3 33. Rc2 Nd4+
34. Bxd4 Bxd4 35. Rxc6 bxc6 36. Nc1 Kf8 37. Kd3 Bg1 38. h3 c5 39. Ne2 Bf2 40.
Kc4 cxb4 41. Kxb4 Be1+ 42. Kc4 Ke7 43. Kd5 h4 44. f4 a5 45. e5 Bd2 46. Ke4 a4
47. Nd4 a3 48. f5 a2 49. Nc2 Bc3 50. Kf4 gxf5 51. Kxf5 a1=Q 52. Nxa1 Bxa1 53.
Kg4 Bxe5 54. Kxh4 Kf6 55. Kg4 Kg6 56. Kf3 Kg5 57. g4 Kh4 58. Ke4 Bf6 59. Kf4
Bg5+ 60. Kf5 f6 61. Ke4 Kxh3 62. Kf3 Kh4 0-1

[Event "Chigorin Memorial"]
[Site "St Petersburg"]
[Date "2016.10.23"]
[Round "9.129"]
[White "Andrijashkin, Deniss"]
[Black "Zaika, Daniil"]
[Result "0-1"]
[WhiteElo "1661"]
[BlackElo "2038"]
[PlyCount "54"]
[EventDate "2016.10.15"]
[EventType "swiss"]
[EventRounds "9"]
[EventCountry "RUS"]

1. e4 e6 2. d3 d5 3. Nd2 c5 4. Ngf3 Nc6 5. g3 Nf6 6. Bg2 Be7 7. O-O b6 8. Re1
Bb7 9. e5 Nd7 10. Qe2 g5 11. g4 h5 12. h3 hxg4 13. hxg4 Qc7 14. Nf1 O-O-O 15.
Ng3 Kb8 16. Bd2 Rdg8 17. a3 f6 18. exf6 Nxf6 19. Nxg5 Nd4 20. Qd1 Bd6 21. c3
Bxg3 22. cxd4 Rf8 23. Nh3 Rxh3 24. Bxh3 Bxf2+ 25. Kh1 Qg3 26. Bf4+ Qxf4 27.
Rxe6 Rh8 0-1

[Event "Chigorin Memorial"]
[Site "St Petersburg"]
[Date "2016.10.23"]
[Round "9.130"]
[White "Mukhtarova, Anastasiia"]
[Black "Amina, Battsooj"]
[Result "0-1"]
[WhiteElo "1869"]
[BlackElo "2274"]
[PlyCount "120"]
[EventDate "2016.10.15"]
[EventType "swiss"]
[EventRounds "9"]
[EventCountry "RUS"]

1. c4 e6 2. Nf3 d5 3. e3 Nf6 4. b3 Be7 5. Bb2 O-O 6. Be2 c5 7. O-O b6 8. a3 Bb7
9. Qc2 Nbd7 10. d3 Qc7 11. Nbd2 Rfd8 12. Rac1 Rac8 13. Rfe1 Qb8 14. Qb1 Nf8 15.
Be5 Qa8 16. b4 Ng6 17. Ba1 cxb4 18. axb4 dxc4 19. Nxc4 b5 20. Bxf6 Bxf6 21. Na5
Ne7 22. Nxb7 Qxb7 23. d4 Nd5 24. Bd3 g6 25. Rc5 a6 26. Be4 Be7 27. Bxd5 Rxd5
28. Rxc8+ Qxc8 29. Re2 Qc3 30. Rb2 Rd8 31. Ne5 Rc8 32. Nd3 Qc6 33. h3 h5 34.
Ra2 Ra8 35. Qa1 Qc4 36. Qb1 Bd6 37. Nc5 e5 38. Nxa6 exd4 39. exd4 Qxd4 40. Ra5
Qe5 41. g3 h4 42. Qd3 hxg3 43. fxg3 Re8 44. Kg2 Rc8 45. Ra3 Rc6 46. h4 Bf8 47.
Kh2 Rc4 48. Kg2 Bxb4 49. Nxb4 Rxb4 50. Ra8+ Kg7 51. Ra2 Re4 52. Qd2 Re3 53. Qf2
b4 54. Kh3 b3 55. Rd2 Rc3 56. Kh2 Qe4 57. Re2 Qc4 58. h5 Rc2 59. h6+ Kxh6 60.
Qe3+ Kh7 0-1

[Event "Chigorin Memorial"]
[Site "St Petersburg"]
[Date "2016.10.23"]
[Round "9.131"]
[White "Rozycki, Bartlomiej"]
[Black "Don, Aleksandr"]
[Result "1/2-1/2"]
[WhiteElo "2170"]
[BlackElo "1856"]
[PlyCount "207"]
[EventDate "2016.10.15"]
[EventType "swiss"]
[EventRounds "9"]
[EventCountry "RUS"]

1. d4 d5 2. c4 e6 3. Nc3 Nf6 4. cxd5 exd5 5. Bg5 Be7 6. Qc2 O-O 7. e3 Be6 8.
Bd3 Nbd7 9. Nge2 Rc8 10. O-O c5 11. dxc5 Nxc5 12. Bxf6 Bxf6 13. Bxh7+ Kh8 14.
Bf5 Qd7 15. Bxe6 fxe6 16. Nf4 Kg8 17. Rfd1 Qf7 18. Qd2 g5 19. Nfe2 b5 20. f3 b4
21. Nb5 Rb8 22. Nbd4 Rfc8 23. Rac1 a5 24. Rc2 Qd7 25. Rdc1 Na4 26. b3 Nb6 27.
Qd3 e5 28. Nc6 Ra8 29. Nxe5 Bxe5 30. Qg6+ Qg7 31. Qxb6 Rxc2 32. Rxc2 Bxh2+ 33.
Kf2 g4 34. Qe6+ Kh7 35. Qf5+ Qg6 36. Qxg6+ Kxg6 37. g3 a4 38. Nf4+ Kf5 39. bxa4
Rxa4 40. Kg2 gxf3+ 41. Kxf3 Bxg3 42. Kxg3 d4 43. Rb2 Ke4 44. exd4 Ra3+ 45. Kg4
Kxd4 46. Rxb4+ Kc3 47. Nd5+ Kc2 48. Rc4+ Kd3 49. Rc8 Kd4 50. Nb4 Ra4 51. a3 Ke5
52. Rc3 Kd4 53. Rc6 Rxa3 54. Nc2+ Kd5 55. Rc8 Ra4+ 56. Kf5 Kd6 57. Rd8+ Kc7 58.
Rd3 Ra5+ 59. Ke6 Rh5 60. Rc3+ Kb7 61. Nb4 Rh6+ 62. Kd5 Rh5+ 63. Kd6 Rh6+ 64.
Kc5 Kc7 65. Re3 Kd7 66. Nd5 Rc6+ 67. Kd4 Rc1 68. Nb6+ Kc6 69. Re6+ Kb7 70. Nc4
Kc7 71. Rh6 Kd7 72. Nb6+ Ke7 73. Nd5+ Kf7 74. Nc3 Ra1 75. Ke5 Kg7 76. Rb6 Rh1
77. Ne4 Rh5+ 78. Kf4 Rh4+ 79. Kf5 Rh1 80. Rb7+ Kh6 81. Ng3 Ra1 82. Rb6+ Kh7 83.
Kg5 Rg1 84. Rb7+ Kg8 85. Kf4 Ra1 86. Nf5 Ra4+ 87. Ke5 Ra5+ 88. Ke6 Ra6+ 89. Nd6
Ra1 90. Kf6 Ra6 91. Rd7 Ra1 92. Ne4 Ra6+ 93. Kf5 Kf8 94. Nc5 Ra1 95. Ne6+ Ke8
96. Rc7 Ra5+ 97. Nc5 Kd8 98. Rc6 Ke7 99. Ke5 Kf7 100. Ke4 Ra1 101. Nd3 Ke7 102.
Rb6 Ra5 103. Ne5 Ra1 104. Ng6+ 1/2-1/2

[Event "Chigorin Memorial"]
[Site "St Petersburg"]
[Date "2016.10.23"]
[Round "9.133"]
[White "Tersinsev, Andrey"]
[Black "Levi, Netanel"]
[Result "1-0"]
[WhiteElo "2107"]
[BlackElo "1789"]
[PlyCount "93"]
[EventDate "2016.10.15"]
[EventType "swiss"]
[EventRounds "9"]
[EventCountry "RUS"]

1. d4 d6 2. c4 e5 3. Nf3 e4 4. Ng5 f5 5. Nc3 c6 6. Nh3 Nf6 7. e3 g6 8. b3 Bg7
9. Bb2 O-O 10. Nf4 Na6 11. h4 Nc7 12. Be2 Ne6 13. d5 Nxf4 14. exf4 cxd5 15.
cxd5 Qa5 16. O-O Nxd5 17. Bc4 Kh8 18. Qxd5 Qd8 19. g3 Bd7 20. Nd1 Bxb2 21. Nxb2
Qf6 22. Qd2 d5 23. Qxd5 Qxb2 24. Qxd7 Rad8 25. Qe7 Rfe8 26. Qxb7 e3 27. Qf3
exf2+ 28. Kh1 h5 29. Rad1 Rxd1 30. Qxd1 Qc3 31. Kg2 Re3 32. Qd8+ Kh7 33. Qg8+
Kh6 34. Qf8+ Qg7 35. Qxg7+ Kxg7 36. Rxf2 Kf6 37. Re2 Rc3 38. Re6+ Kg7 39. Kf2
Rc2+ 40. Re2 Rc3 41. Re7+ Kf8 42. Rxa7 Rc2+ 43. Be2 Rc6 44. b4 Rb6 45. b5 Kg8
46. a4 Kh8 47. a5 1-0

[Event "Chigorin Memorial"]
[Site "St Petersburg"]
[Date "2016.10.23"]
[Round "9.134"]
[White "Ivanov, Sergei V"]
[Black "Vorobyova, Valeriya"]
[Result "0-1"]
[WhiteElo "2093"]
[BlackElo "1830"]
[PlyCount "150"]
[EventDate "2016.10.15"]
[EventType "swiss"]
[EventRounds "9"]
[EventCountry "RUS"]

1. e4 c5 2. Nf3 Nc6 3. d4 cxd4 4. Nxd4 Nf6 5. Nc3 d6 6. Bg5 e6 7. Bb5 Bd7 8.
Bxc6 Bxc6 9. Qf3 h6 10. Nxc6 bxc6 11. e5 hxg5 12. exf6 d5 13. fxg7 Bxg7 14. O-O
Be5 15. g3 Qf6 16. Qxf6 Bxf6 17. Na4 Ke7 18. Rad1 Rac8 19. Nc5 Bxb2 20. Rb1 Rb8
21. Nd3 Bc3 22. Nc5 Bd4 23. Nb3 Bb6 24. Rb2 Rh6 25. Kg2 Rbh8 26. Rh1 g4 27. a4
f5 28. a5 Bc7 29. Nd4 Kd6 30. Rb7 Bxa5 31. Rxa7 Bb6 32. Ra4 Bxd4 33. Rxd4 e5
34. Ra4 Kc5 35. Ra7 Kc4 36. Re7 e4 37. Re5 Rh5 38. h4 gxh3+ 39. Kh2 Kc3 40. Re6
R8h6 41. Re7 Kxc2 42. Ra7 Rh8 43. Ra5 R5h6 44. Rc5+ Kd2 45. Rhc1 d4 46. Ra1 e3
47. Ra2+ Kd3 48. fxe3 dxe3 49. Rxf5 Rd8 50. Re5 Kd4 51. Re7 Rf8 52. Ra4+ Kc5
53. Rxe3 Rf2+ 54. Kh1 h2 55. Ra1 Kd4 56. Ree1 Rd2 57. Ra4+ Kd5 58. Rc1 c5 59.
Rac4 Rd1+ 60. Rxd1+ Kxc4 61. Rc1+ Kd4 62. Rd1+ Ke4 63. Re1+ Kd5 64. Rd1+ Kc6
65. Rc1 Rh3 66. g4 Rh4 67. Rc4 Kd5 68. Rf4 c4 69. Rf5+ Kd4 70. g5 c3 71. Rf7
Rg4 72. Rd7+ Ke3 73. Re7+ Kd3 74. Rd7+ Rd4 75. Rc7 c2 0-1

[Event "Chigorin Memorial"]
[Site "St Petersburg"]
[Date "2016.10.23"]
[Round "9.135"]
[White "Shapiyanov, Adam"]
[Black "Kulagin, Sergey"]
[Result "0-1"]
[WhiteElo "1857"]
[BlackElo "2054"]
[PlyCount "156"]
[EventDate "2016.10.15"]
[EventType "swiss"]
[EventRounds "9"]
[EventCountry "RUS"]

1. e4 c5 2. Nf3 Nc6 3. d4 cxd4 4. Nxd4 Nf6 5. Nc3 e5 6. Ndb5 d6 7. Bg5 a6 8.
Na3 b5 9. Nd5 Be7 10. Bxf6 Bxf6 11. c3 Bg5 12. Nc2 O-O 13. Nce3 Rb8 14. a3 Be6
15. Bd3 Ne7 16. O-O Bxd5 17. Nxd5 Nxd5 18. exd5 f5 19. Re1 Qb6 20. Bf1 e4 21.
a4 Rfe8 22. axb5 axb5 23. Qd4 Qxd4 24. cxd4 Rec8 25. Ra6 Rd8 26. g3 b4 27. b3
Bf6 28. g4 fxg4 29. Rxe4 h5 30. h3 gxh3 31. Bxh3 Kh7 32. Re6 Bxd4 33. Raxd6 Rf8
34. Re2 Rf3 35. Bg2 Rxb3 36. Rde6 Rb1+ 37. Kh2 Rd1 38. d6 Bc5 39. Be4+ Kg8 40.
Bg6 Bxd6+ 41. Kg2 Rd5 42. Bxh5 Rxh5 43. Rxd6 b3 44. Rb2 Rhb5 45. Rd7 R8b7 46.
Rd3 Kf7 47. Kf3 Ke6 48. Ke3 Ke5 49. Kf3 Rb4 50. Re2+ Kf5 51. Rd5+ Kf6 52. Rd6+
Kf7 53. Rb2 R7b6 54. Rd3 Ke6 55. Re2+ Kf6 56. Rb2 R6b5 57. Re3 g5 58. Kg3 Kf5
59. Kf3 Kg6 60. Kg3 Kh5 61. Rd3 Rg4+ 62. Kh3 Rgb4 63. Kg3 Kg6 64. Re3 Kf5 65.
Kf3 g4+ 66. Kg3 Rb6 67. Re8 Rh6 68. Kg2 Rh3 69. Ree2 Rc3 70. Re8 Kf4 71. Re7
Rb5 72. Re8 g3 73. Rf8+ Ke4 74. fxg3 Rg5 75. Rf4+ Kd3 76. Rb4 Rc2+ 77. Rxc2
bxc2 78. Rb3+ Kc4 0-1

[Event "Chigorin Memorial"]
[Site "St Petersburg"]
[Date "2016.10.23"]
[Round "9.136"]
[White "Sanarov, Leonid"]
[Black "Zemnitskiy, Alexander"]
[Result "0-1"]
[WhiteElo "1852"]
[BlackElo "2044"]
[PlyCount "130"]
[EventDate "2016.10.15"]
[EventType "swiss"]
[EventRounds "9"]
[EventCountry "RUS"]

1. c4 c6 2. Nc3 d5 3. cxd5 cxd5 4. d4 Nc6 5. Bf4 Bf5 6. e3 e6 7. Nf3 Bd6 8. Ne5
Nge7 9. Bb5 Rc8 10. Qa4 a6 11. Be2 f6 12. Nxc6 Rxc6 13. Bxd6 Qxd6 14. O-O O-O
15. a3 b5 16. Qd1 Nc8 17. Na2 Rc2 18. Nb4 Rxb2 19. Re1 a5 20. Nd3 Bxd3 21. Qxd3
a4 22. Reb1 Rxb1+ 23. Rxb1 Na7 24. Qc3 Rb8 25. Qa5 Qb6 26. Qb4 Qc7 27. Qd2 Rc8
28. g3 Qc3 29. Qxc3 Rxc3 30. Bxb5 Nxb5 31. Rxb5 Rxa3 32. Rb6 Kf7 33. Rb7+ Kg6
34. Re7 Kf5 35. Kg2 h5 36. Rxg7 Rb3 37. Rh7 Kg6 38. Re7 Rb6 39. Ra7 Rb4 40. Re7
a3 41. Ra7 Rb3 42. Kf3 e5 43. Ra5 exd4 44. Rxd5 d3 45. Ra5 Rc3 46. h4 Rb3 47.
Ra4 Rb1 48. Rxa3 d2 49. Rd3 d1=Q+ 50. Rxd1 Rxd1 51. Kf4 Rc1 52. f3 f5 53. e4
Rc4 54. Ke5 fxe4 55. fxe4 Rc3 56. Kf4 Kf6 57. g4 hxg4 58. Kxg4 Re3 59. Kf4 Rh3
60. Kg4 Rh1 61. Kf3 Ke5 62. Kg4 Kxe4 63. Kg5 Ke5 64. h5 Rg1+ 65. Kh6 Kf5 0-1

[Event "Chigorin Memorial"]
[Site "St Petersburg"]
[Date "2016.10.23"]
[Round "9.137"]
[White "Anu, Bayar"]
[Black "Atovmian, Artem"]
[Result "1-0"]
[WhiteElo "2038"]
[BlackElo "1823"]
[PlyCount "97"]
[EventDate "2016.10.15"]
[EventType "swiss"]
[EventRounds "9"]
[EventCountry "RUS"]

1. d4 d5 2. c4 c6 3. cxd5 cxd5 4. Nc3 Nf6 5. Bf4 Nc6 6. e3 Bg4 7. f3 Bd7 8. Bd3
e6 9. Nge2 Nh5 10. Bg3 Nxg3 11. hxg3 h6 12. f4 Bd6 13. Rc1 g5 14. Ng1 gxf4 15.
gxf4 Qf6 16. Qh5 O-O-O 17. Nf3 Qg7 18. Nb5 Bb4+ 19. Kf1 Kb8 20. a3 Be7 21. Ne5
Nxe5 22. Qxe5+ Qxe5 23. dxe5 Rc8 24. Rxc8+ Bxc8 25. Nd6 Bxd6 26. exd6 Bd7 27.
Kf2 a6 28. g4 f6 29. e4 dxe4 30. Bxe4 Bc6 31. Bxc6 bxc6 32. Ke3 Kc8 33. g5 fxg5
34. fxg5 h5 35. g6 Rg8 36. Rg1 h4 37. Kf4 h3 38. Kg5 Kd7 39. Rh1 Kxd6 40. Rxh3
Ke7 41. Rh7+ Kd6 42. Kf6 Rf8+ 43. Rf7 Rh8 44. g7 Rh6+ 45. Kg5 Rh2 46. Rf4 e5
47. Rg4 e4 48. g8=Q e3 49. Qb8+ 1-0

[Event "Chigorin Memorial"]
[Site "St Petersburg"]
[Date "2016.10.23"]
[Round "9.138"]
[White "Protasova, Anastasia"]
[Black "Tukaeva, Adelya"]
[Result "0-1"]
[WhiteElo "1847"]
[BlackElo "2025"]
[PlyCount "54"]
[EventDate "2016.10.15"]
[EventType "swiss"]
[EventRounds "9"]
[EventCountry "RUS"]

1. d4 Nf6 2. c4 e6 3. Nf3 b6 4. g3 Bb7 5. Bg2 Be7 6. O-O O-O 7. Nbd2 c5 8. b3
Nc6 9. Bb2 Qc7 10. e4 d5 11. exd5 exd5 12. dxc5 bxc5 13. cxd5 Nxd5 14. a3 Rad8
15. Qc2 f5 16. Rfe1 Bc8 17. Rad1 f4 18. Nc4 Nd4 19. Bxd4 cxd4 20. Nxd4 fxg3 21.
hxg3 Bc5 22. Ne3 Nxe3 23. Rxe3 Qb6 24. Re4 Kh8 25. Qc4 Ba6 26. Qa4 Bb5 27. Qxb5
Qxb5 0-1

[Event "Chigorin Memorial"]
[Site "St Petersburg"]
[Date "2016.10.23"]
[Round "9.139"]
[White "Sapegin, Yaroslav"]
[Black "Ismagilov, Igor"]
[Result "1-0"]
[WhiteElo "2013"]
[BlackElo "1775"]
[PlyCount "95"]
[EventDate "2016.10.15"]
[EventType "swiss"]
[EventRounds "9"]
[EventCountry "RUS"]

1. d4 Nf6 2. c4 g6 3. g3 Bg7 4. Bg2 d6 5. Nc3 Nbd7 6. Nf3 O-O 7. O-O c5 8. d5
Nb6 9. Nd2 e6 10. a4 exd5 11. cxd5 Bd7 12. a5 Nc8 13. Nc4 Qe7 14. h3 b5 15.
axb6 Nxb6 16. Qb3 Rfb8 17. Nxb6 Rxb6 18. Qxb6 axb6 19. Rxa8+ Ne8 20. Be3 Bd4
21. Kh2 Kg7 22. Bd2 f6 23. e3 Bxc3 24. Bxc3 Nc7 25. Rb8 b5 26. b3 b4 27. Bb2
Bb5 28. Ra1 Ba6 29. Rb6 Kf7 30. Raxa6 Nxa6 31. Rxa6 Qc7 32. h4 Qe7 33. Bh3 f5
34. Bg2 g5 35. hxg5 Qxg5 36. Rxd6 Qh5+ 37. Kg1 Qd1+ 38. Bf1 Qxb3 39. Rf6+ Kg8
40. Be5 Qxd5 41. Bf4 Qd1 42. Bh6 Qd8 43. Bc4+ Kh8 44. Rf8+ Qxf8 45. Bxf8 b3 46.
Bxb3 f4 47. Bxc5 fxg3 48. Bd4# 1-0

[Event "Chigorin Memorial"]
[Site "St Petersburg"]
[Date "2016.10.23"]
[Round "9.140"]
[White "Khlopushin, Dmitriy"]
[Black "Zavgorodniaya, Alena"]
[Result "0-1"]
[WhiteElo "1824"]
[BlackElo "2011"]
[PlyCount "74"]
[EventDate "2016.10.15"]
[EventType "swiss"]
[EventRounds "9"]
[EventCountry "RUS"]

1. e4 e5 2. Nf3 Nc6 3. Bc4 Bc5 4. c3 Nf6 5. d3 a6 6. O-O Ba7 7. Re1 d6 8. Nbd2
O-O 9. Nf1 Na5 10. Bb3 Nxb3 11. axb3 Ng4 12. d4 f5 13. Bg5 Qd7 14. exf5 Qxf5
15. Ng3 Qg6 16. Qd2 h6 17. Bh4 Be6 18. h3 Nf6 19. dxe5 Nh5 20. Kh2 Nf4 21. Be7
Rf7 22. Nh4 Qh7 23. exd6 cxd6 24. Bxd6 Rd8 25. f3 g5 26. Ne4 gxh4 27. Ra5 Qg6
28. g4 Bb8 29. Rd1 Bxb3 30. Bxb8 Rxd2+ 31. Rxd2 Qb6 32. Re5 Nxh3 33. Re8+ Kh7
34. Rd4 Qb5 35. Nd6 Qf1 36. Nxf7 Bxf7 37. Re7 Ng5 0-1

[Event "Chigorin Memorial"]
[Site "St Petersburg"]
[Date "2016.10.23"]
[Round "9.141"]
[White "Basyrov, Eduard"]
[Black "Vorobyova, Ekaterina"]
[Result "1-0"]
[WhiteElo "2001"]
[BlackElo "1668"]
[PlyCount "81"]
[EventDate "2016.10.15"]
[EventType "swiss"]
[EventRounds "9"]
[EventCountry "RUS"]

1. c4 e5 2. Nc3 d6 3. g3 Ne7 4. Bg2 g6 5. Nf3 Bg7 6. O-O O-O 7. d3 Nd7 8. d4 f5
9. dxe5 Nxe5 10. Nxe5 dxe5 11. Qxd8 Rxd8 12. Bg5 Rd7 13. Rad1 Nc6 14. Bxc6 bxc6
15. Na4 Rd4 16. b3 Be6 17. e3 Rxd1 18. Rxd1 Rf8 19. Be7 Rf7 20. Rd8+ Bf8 21.
Bc5 a5 22. Ra8 Kg7 23. Rxa5 Rd7 24. Ra6 Rd1+ 25. Kg2 Bd7 26. Ra7 Bd6 27. Bxd6
Rxd6 28. Rxc7 Kf6 29. Nc5 Ke7 30. Rxd7+ Rxd7 31. Nxd7 Kxd7 32. b4 Kc7 33. Kf3
Kd6 34. a4 Kc7 35. c5 Kd7 36. b5 cxb5 37. axb5 Kc7 38. e4 Kb7 39. exf5 gxf5 40.
g4 fxg4+ 41. Kxg4 1-0

[Event "Chigorin Memorial"]
[Site "St Petersburg"]
[Date "2016.10.23"]
[Round "9.142"]
[White "Rudikov, Dmitry"]
[Black "Pavlova, Natalia"]
[Result "1-0"]
[WhiteElo "1823"]
[BlackElo "1990"]
[PlyCount "87"]
[EventDate "2016.10.15"]
[EventType "swiss"]
[EventRounds "9"]
[EventCountry "RUS"]

1. d4 d5 2. c4 c6 3. Nf3 Nf6 4. g3 e6 5. Bg2 Bd6 6. O-O Nbd7 7. Nc3 O-O 8. Nd2
Be7 9. e4 dxe4 10. Ndxe4 Nxe4 11. Nxe4 f5 12. Nc3 Nb6 13. c5 Nd5 14. Bxd5 exd5
15. Bf4 b6 16. b4 Ba6 17. Re1 Qd7 18. Be5 Bf6 19. f4 Rae8 20. Rc1 Bxe5 21. dxe5
bxc5 22. bxc5 d4 23. Qb3+ Kh8 24. Red1 d3 25. Qa4 d2 26. Rc2 Qd3 27. Rcxd2 Qe3+
28. Kg2 g5 29. Qxa6 Qxc3 30. Qxc6 gxf4 31. gxf4 Rc8 32. Qd6 Rg8+ 33. Kf2 Rcf8
34. Rd3 Qc2+ 35. R1d2 Qc1 36. Rg3 Qh1 37. Rxg8+ Kxg8 38. Qd5+ Qxd5 39. Rxd5 Rc8
40. Ke3 Kf7 41. Kd4 Ke7 42. Rd6 Rb8 43. Rh6 Rb4+ 44. Kd5 1-0